Los hombres de toga en el proceso de D. Rodrigo Calderón / (Record no. 116395)

MARC details
000 -LEADER
campo de control de longitud fija 00627nam a2200181 4500
001 - NÚMERO DE CONTROL
campo de control 116395
003 - IDENTIFICADOR DE NÚMERO DE CONTROL
campo de control ES-MaACL
005 - FECHA Y HORA DE LA ÚLTIMA TRANSACCIÓN
campo de control 20250731202945.0
007 - CAMPO FIJO DE DESCRIPCIÓN FÍSICA--INFORMACIÓN GENERAL
campo de control de longitud fija t|
008 - DATOS DE LONGITUD FIJA--INFORMACIÓN GENERAL
campo de control de longitud fija 061121s1918 sp r ||||1| spa d
100 1# - ENTRADA PRINCIPAL--NOMBRE DE PERSONA
Nombre de persona Ossorio y Gallardo, Ángel,
Fechas asociadas al nombre 1873-1946
9 (RLIN) 138613
245 14 - MENCIÓN DEL TÍTULO
Título Los hombres de toga en el proceso de D. Rodrigo Calderón /
Mención de responsabilidad, etc. Angel Ossorio y Gallardo.
260 ## - PUBLICACIÓN, DISTRIBUCIÓN, ETC.
Lugar de publicación, distribución, etc. Madrid :
Nombre del editor, distribuidor, etc. [s.n.],
Fecha de publicación, distribución, etc. 1918 (
Fabricante Artes Gráficas)
300 ## - DESCRIPCIÓN FÍSICA
Extensión 258 p., 1 lám. ;
Dimensiones 19 cm.
600 14 - PUNTO DE ACCESO ADICIONAL DE MATERIA--NOMBRE DE PERSONA
Nombre de persona Calderón, Rodrigo,
Títulos y otros términos asociados al nombre Marqués de Siete Iglesias,
Fechas asociadas al nombre 1570-1621
9 (RLIN) 33604
852 ## - LOCALIZACIÓN
Ubicación ES-MaACL
Número de control de estantería F-10965
Holdings
Estatus retirado Estado de pérdida Estado de daño No para préstamo Biblioteca de origen Biblioteca actual Ubicación en estantería Fecha de adquisición Fuente de adquisición Total de préstamos Signatura topográfica completa Código de barras Visto por última vez Precio de reemplazo Tipo de ítem Koha
        Biblioteca del Ateneo de Madrid Biblioteca del Ateneo de Madrid Sala Pecera Planta 2 17/01/2008     F-10965 1121373 23/02/2023 23/02/2023 Libro impreso